Culture Générale - Clic Quiz - La réponse est en image #14 - Statistiques

Statistiques générales
  • Ce quiz a été pris 744 fois
  • Le résultat moyen est 27 sur 40
Statistiques - réponses
Hint Réponse % Correct
Google Chrome
89%
Nemo
87%
Titi
87%
Microsoft Edge
87%
Mozilla Firefox
87%
Ted
85%
Babar
85%
Fenouil
85%
Safari (Apple)
83%
Kim Jong-un
82%
Xi Jinping
81%
Échalote
77%
Bénin
75%
Inde
72%
Côte d'ivoire
72%
Jackie Chan
69%
Claudia Schiffer
69%
Secrétaire
69%
Benoît Paire (Tennis)
67%
Microsoft Bing
67%
Emily Ratajkowski
66%
Coiffeuse-poudreuse
65%
Ghana
65%
Bruce Lee
64%
Naomi Campbell
64%
Julian Alaphilippe (Cyclisme sur route)
63%
Nando De Colo (Basket)
63%
Méridienne
63%
Desserte
62%
Tom Brady (Football Américain)
61%
Niger
60%
Mao Zedong
56%
Alexander Ovechkin (Hockey sur glace)
53%
M3GAN
52%
Cindy Crawford
46%
Bonnetière
43%
Gisele Bündchen
42%
Topinambour
37%
Rutabaga
29%
Capucine tubéreuse
24%
Aucun quiz correspondant
Distribution des résultats
% des personnes avec chaque résultat
Percentile par nombre de réponses
Votre historique - résultats
Vous n’avez pas pris ce quiz